000 00802nam a2200181 4500
001 108224
003 ES-MaACL
005 20230906184614.0
007 t|
008 061121m18831910sp r ||||1| spa d
080 _a336.722(460.27 M.)(055.5)
110 2 _aMonte de Piedad y Caja de Ahorros de Madrid.
_95765
245 1 0 _aMemoria y cuenta general del Monte de Piedad y Caja de Ahorros de Madrid correspondiente a los años de 1882 a 1909 adicionadas con algunas noticias sobre los demás Montes de Piedad y Cajas de Ahorros /
_cMonte de Piedad y Caja de Ahorros de Madrid.
260 _aMadrid :
_b[s.n.],
_c1883-1910 (
_fImp. de José de Rojas)
300 _a29 t. en 4 v. ;
_c27 cm.
610 2 4 _aMonte de Piedad y Caja de Ahorros de Madrid-
_vMemorias.
_9144680
852 _aES-MaACL
_jC-15053-56
999 _c108224
_d108224